[Event "TUR-ch U20"]
[Site "Canakkale"]
[Date "2016.06.29"]
[Round "4"]
[White "Ergin, Faruk Esat"]
[Black "Ayengin, Yasar Fatih"]
[Result "1/2-1/2"]
[WhiteElo "1765"]
[BlackElo "1352"]
[PlyCount "84"]
[EventDate "2016.06.27"]
[EventType "swiss"]
[EventRounds "9"]
[EventCountry "TUR"]
[SourceTitle "CBM 173 Extra"]
[Source "ChessBase"]
[SourceDate "2016.08.29"]
[SourceVersion "1"]
[SourceVersionDate "2016.08.29"]
[SourceQuality "1"]

1. e4 e5 2. Nf3 Nc6 3. d4 exd4 4. Bc4 d6 5. Nxd4 Be7 6. Nc3 Nf6 7. 0-0 0-0 8. b3 Ne5 9. Be2 Ng6 10. Bb2 Re8 11. Re1 Bf8 12. Bc4 Ne5 13. Bf1 Bd7 14. Qd2 Bc6 15. Nxc6 Nxc6 16. Rad1 h6 17. f3 a6 18. Ne2 Be7 19. Nf4 Ne5 20. Qf2 Qb8 21. Ne2 Nfd7 22. Nf4 Nf6 23. Kh1 Nh7 24. Nd5 Bd8 25. Ne3 Bf6 26. Nd5 Bd8 27. c4 Nf6 28. Ne3 Nh7 29. Nf5 Bf6 30. Qg3 Ng6 31. Bc1 Kh8 32. Bd3 Qd8 33. f4 Nh4 34. Ne3 Ng6 35. Qf2 Qc8 36. Nd5 Bh4 37. g3 Bd8 38. Bb2 Ne7 39. Qd4 Rg8 40. Ne3 Nc6 41. Qc3 Bf6 42. Qc2 Nb4 1/2-1/2